| 000 | 01609nam a2200385 a 4500 | ||
|---|---|---|---|
| 999 |
_c189493 _d189493 |
||
| 003 | BLK | ||
| 005 | 20240108151618.0 | ||
| 008 | 180411b bul|||||r ||||||| ||bul|| | ||
| 010 | _aKNG00198536000 | ||
| 020 | _a978-954-365-184-9 | ||
| 040 | _aBLK | ||
| 041 |
_aBUL _cBUL |
||
| 072 | 7 |
_2bullib _aН83 _xЧужда художествена литература Н |
|
| 072 | 7 |
_2bullib _aБ _xБиблиотеки и библиотекари - в художествена литература |
|
| 080 |
_aАмериканска литература (на САЩ) _b821.111(73) _x-31 _z821.111(73)-31 |
||
| 100 | 1 |
_aМайрън, Вики _eпърви автор _990938 |
|
| 139 |
_aМайрън, Вики и др. _bМ 17 |
||
| 245 | 1 | 0 |
_aДюи _bКотето от малката провинциална библиотека, което трогна света _cВики Майрън; съавт. Брет Уитър; прев. Любов Петрова. |
| 257 | _aUSA | ||
| 260 |
_bЕднорог _c2016 |
||
| 300 |
_a288 с. _c20 см |
||
| 380 | _aX | ||
| 500 | _aОриг. загл. Dewey: The Small-town Library Cat Who Touched the World / Vicki Myron and Bret Witter. | ||
| 653 | _aромани | ||
| 659 | _aН | ||
| 700 | 1 |
_aУитър, Брет _eсъавт. _9132793 |
|
| 700 | 1 |
_aПетрова, Любов _eпрев. _9384032 |
|
| 852 |
_aЦб 291345 _bЦб |
||
| 856 | 4 | _qpdf | |
| 856 | 4 | _qpdf | |
| 942 |
_cKNG _n0 _018 |
||
| 944 |
_aCR _c19.12.2016 _lМинев Младен _k30530 |
||
| 944 |
_aED _c16.02.2017 _lф / _kЛюдмила_Стоянова |
||
| 999 | _d189493 | ||